NFL Trivia: 250-Yard Single-Game Rushers - Statistics

General Stats
  • This quiz has been taken 1,122 times
  • The average score is 4 of 11
Answer Stats
Yards Player % Correct
296 Adrian Peterson
94%
275 Walter Payton
58%
295 Jamal Lewis
48%
273 & 250 O.J. Simpson
45%
259 Jamaal Charles
30%
266 Shaun Alexander
28%
251 Doug Martin
26%
278 Corey Dillon
24%
253 DeMarco Murray
23%
286 Jerome Harrison
15%
251 Mike Anderson
15%
No matching quizzes found
Score Distribution
Percent of People with Each Score
Percentile by Number Answered
Your Score History
You have not taken this quiz